000 00840nam a2200217 4500
008 160430b xxu||||| |||| 00| 0 eng d
020 _a9781584794516
082 _22006
_aDFil 641.509599
_bB46m
100 _97064
_aBesa, Amy
245 _aMemories of Philippine kitchens:
_bstories and recipes from far and near/
_cAmy Besa and Romy Dorotan; photographs by Neal Oshima.
260 _aNew York:
_bStewart, Tabori & Chang,
_cc2006.
300 _a232 pages:
_bcolor illustrations;
_c24 cm.
500 _aIncludes bibliographical references and index.
650 0 _97069
_aCookery, Philippine
650 0 _97070
_a
_zPhilippines
_xSocial life and customs
650 0 _97077
_zPhilippine cooking
700 _97071
_aDorotan, Romy
_eauthor
700 _97072
_aOshima, Neal
_ephotographer
365 _b3, 392.00
_cPhp
942 _2ddc
_cDFIL
999 _c2169
_d2169